LEADER 00911nam0-22003011i-450- 001 990001844860403321 005 20021010 035 $a000184486 035 $aFED01000184486 035 $a(Aleph)000184486FED01 035 $a000184486 100 $a20021010d--------km-y0itay50------ba 101 0 $aita 200 1 $aSulle conseguenze prodotte dall' Eriophyes avellanae Nal. nel nocciolo$fGiacomo Preti. 210 $aAvellino$c...$d1924. 215 $a9 p.$d23 cm 300 $aEstr. da: Marcellia, rivista internazionale di cecidologia, 21, 1924. 610 0 $aCorylus 676 $a634.54 700 1$aPreti,$bGiacomo$0358046 801 0$aIT$bUNINA$gRICA$2UNIMARC 901 $aBK 912 $a990001844860403321 952 $a60 MISC. B 44/17$b$fFAGBC 959 $aFAGBC 996 $aSulle conseguenze prodotte dall' Eriophyes avellanae Nal. nel nocciolo$9414833 997 $aUNINA DB $aING01 LEADER 01839nam0 2200409 i 450 001 VAN0054499 005 20240213091009.123 010 $a978-35-404-3008-7 100 $a20061016d2002 |0itac50 ba 101 $aeng 102 $aDE 105 $a|||| ||||| 200 1 $aConformal geometry of surfaces in S4 and quaternions$fFrancis E. Burstall ... [et al.] 210 $aBerlin [etc.]$cSpringer$d2002 215 $aVIII, 86 p.$d24 cm 300 $aPubblicazione disponibile anche in formato elettronico 461 1$1001VAN0102250$12001 $aLecture notes in mathematics$1210 $aBerlin [etc.]$cSpringer$v1772 500 1$3VAN0234428$aConformal Geometry of Surfaces in S4 and Quaternions$91425045 606 $a53A31$xDifferential geometry of submanifolds of Möbius space [MSC 2020]$3VANC021522$2MF 606 $a53C42$xDifferential geometry of immersions (minimal, prescribed curvature, tight, etc.) [MSC 2020]$3VANC024057$2MF 610 $aBäcklund Transforms$9KW:K 610 $aConformal surface theory$9KW:K 610 $aCurvature$9KW:K 610 $aDarboux transforms$9KW:K 610 $aMean curvature$9KW:K 610 $aTwistor projection$9KW:K 610 $aWilmore functional$9KW:K 620 $dBerlin$3VANL000066 702 1$aBurstall$bFrancis E.$3VANV043091 712 $aSpringer $3VANV108073$4650 801 $aIT$bSOL$c20240614$gRICA 856 4 $uhttps://doi.org/10.1007/b82935$zhttps://doi.org/10.1007/b82935 899 $aBIBLIOTECA DEL DIPARTIMENTO DI MATEMATICA E FISICA$1IT-CE0120$2VAN08 912 $aVAN0054499 950 $aBIBLIOTECA DEL DIPARTIMENTO DI MATEMATICA E FISICA$d08PREST 53-XX 0649 $e08 6038 I 20061016 996 $aConformal geometry of surfaces in S4 and quaternions$91425045 997 $aUNICAMPANIA